00000000nam##2200000za#4500
0019.632969
003CaOODSP
00520210624215110
007cr |||||||||||
008150407|2006||||xxc|||||o    f|0| 0 fre|d
020 |a0-662-72112-8
040 |aCaOODSP|bfre
043 |an-cn---
0861 |aM4-41/2006F-PDF
1101 |aCanada. |bRessources naturelles Canada.
24510|aPremier bilan des progrès réalisés - Protocole d'entente portant sur les émissions de gaz à effet de serre des véhicules / |h[ressource électronique]|cpréparé par le Comité conjoint gouvernement-industrie sur le Protocole d'entente (PE) en matière des gaz à effet de serre (GES) ; en collaboration avec l'Association canadienne des constructeurs de véhicules et l'Association des fabricants internationaux d'automobile du Canada.
260 |aOttawa - Ontario : |bRessources naturelles Canada |cJuin 2006.
300 |a34p.|bgraphique
590 |a13-05-Supp|b2013-02-27
69107|aGaz à effet de serre|2gcpds
77508|tFirst progress update - Memorandum of Understanding Respecting Automobile Greenhouse Gas Emissions / |w(CaOODSP)9.688544
85640|ahttp://publications.gc.ca|qPDF|s1.20 Mo|uhttps://publications.gc.ca/collections/collection_2013/rncan-nrcan/M4-41-2006-fra.pdf